000 00381nam a2200157Ia 4500
008 151213s9999 xx 000 0 und d
082 _a5
_b5
100 _aMicrosoft Corporation
245 _aMicrosoft Windows
_cMicrosoft Corporation
260 _bTatung
300 _a8309 p.
650 _aComputer
650 _aComputer
700 _aMicrosoft Corporation
999 _c4154
_d4154